00824nam a22002532 450000100060000000300080000600500170001400800410003103500190007204000320009104100080012308200240013124500720015525000340022726000370026130000250029849000470032350400200037050500780039065000140046870000380048283000130052083000370053314435BD-RjUL20211208235628.0140206t1960 nyua 001 0 eng d a(BD-RjUL)14487 aFHAcFHAdEQOdBD-RjULbeng aeng04223a547.1bPHY 196000aPhysical methods of organic chemistry /cEditor Arnold Weissberger. a3rd completely rev. augm. ed. aNew York :bInterscience,c1960. aV. :bill. ;c23 cm.0 aTechnique of organic chemistry ;vVol. 1-4 aincludes index. aVol.1 Physical methods of organic chemistry.Pt. 1-- Pt. 2-- Pt. 3-- V. 4-1 achemistry1 aWeissberger, Arnold ...[et. al.]. 0vVol. 1-4 0aTechnique of organic chemistry ;